000 00545nam a2200241Ia 4500
008 150901s9999 xx 000 0 und d
020 _a9788127242978
041 _aEnglish
082 _a576
082 _bARB/IM
100 _aAcharya Arbind
100 _aDeepak Praveen
100 _aKumar Sanjay
100 _eAuthor
245 _aImmunology
260 _aNew Delhi
260 _bKalyani Publishers
260 _c2008
300 _a299 Pages
365 _aRs.225/-
650 _aImmunology
942 _cBK
999 _c241402
_d241402